Controle e recuperação ambiental na Mina de Cana Brava - Goiás (Registro n. 341037)
[ somente texto ]
| 000 -LÍDER | |
|---|---|
| Campo de controle fixo | 01193nam a22003977a 4500 |
| 001 - NÚMERO DE CONTROLE | |
| Número de controle | BR2026000403 |
| 003 - CÓDIGO MARC DA AGÊNCIA CATALOGADORA | |
| Campo de controle | BR-BrBNA |
| 005 - DATA E HORA DA ÚLTIMA ATUALIZAÇÃO | |
| Campo de controle | 20260324234410.0 |
| 008 - CAMPO DE TAMANHO FIXO | |
| Campo fixo de controle | 260324b bl.||||| |||| 00| 0 por d |
| 020 ## - ISBN - INTERNATIONAL STANDARD BOOK NUMBER | |
| ISBN | 85-09-00096-4 |
| 040 ## - FONTE DA CATALOGAÇÃO | |
| Agência catalogadora | BR-BrBNA |
| Idioma da catalogação | por |
| 041 ## - CÓDIGO DO IDIOMA | |
| Código do Idioma | por |
| 072 ## - CATEGORIA AGRIS | |
| Código da categoria de assunto/objeto | <a href="P01 ; T01 ; P36">P01 ; T01 ; P36</a> |
| 090 ## - NÚMERO DE CHAMADA | |
| Localização na estante | P01 BR2026000403 |
| 100 0# - ENTRADA PRINCIPAL - NOME PESSOAL | |
| Nome pessoal | Almeida, Amilton dos Santos (ed.) |
| 100 0# - ENTRADA PRINCIPAL - NOME PESSOAL | |
| Nome pessoal | Fornasari Filho, Nilton |
| 100 0# - ENTRADA PRINCIPAL - NOME PESSOAL | |
| Nome pessoal | Braga, Tânia de Oliveira |
| 100 0# - ENTRADA PRINCIPAL - NOME PESSOAL | |
| Nome pessoal | Silva, Wanderlei Sérgio da |
| 100 0# - ENTRADA PRINCIPAL - NOME PESSOAL | |
| Nome pessoal | Pamplona, Renato Ivo |
| 110 ## - ENTRADA PRINCIPAL - ENTIDADE | |
| Nome da entidade ou lugar | Instituto de Pesquisas Tecnológicas, São Paulo, SP (Brasil) |
| 9 (RLIN) | 6224 |
| 245 ## - TÍTULO PRINCIPAL | |
| Título principal | Controle e recuperação ambiental na Mina de Cana Brava - Goiás |
| Subtítulo | Boletim 66 |
| 260 ## - IMPRENTA (PUBLICAÇÃO, DISTRIBUIÇÃO, ETC.) | |
| Lugar de publicação, distribuição, etc. | São Paulo, SP (Brasil) |
| Data de publicação, distribuição, etc | 1992 |
| 300 ## - DESCRIÇÃO FÍSICA | |
| Extensão | 88 p. |
| 500 ## - NOTA GERAL | |
| Notas gerais | Summaries (En, Pt); 33 ref.; 30 illus. |
| 650 ## - ASSUNTO - THESAGRO | |
| Cabeçalho tópico ou nome geográfico | GEOLOGIA |
| 650 ## - ASSUNTO - THESAGRO | |
| Cabeçalho tópico ou nome geográfico | MINERAÇÃO |
| 650 ## - ASSUNTO - THESAGRO | |
| Cabeçalho tópico ou nome geográfico | EXTRAÇÃO |
| 650 ## - ASSUNTO - THESAGRO | |
| Cabeçalho tópico ou nome geográfico | IMPACTO AMBIENTAL |
| 650 ## - ASSUNTO - THESAGRO | |
| Cabeçalho tópico ou nome geográfico | POLUIÇÃO |
| 650 ## - ASSUNTO - THESAGRO | |
| Cabeçalho tópico ou nome geográfico | DEGRADAÇÃO AMBIENTAL |
| 650 ## - ASSUNTO - THESAGRO | |
| Cabeçalho tópico ou nome geográfico | CONTROLE AMBIENTAL |
| 650 ## - ASSUNTO - THESAGRO | |
| Cabeçalho tópico ou nome geográfico | MONITORAMENTO AMBIENTAL |
| 650 ## - ASSUNTO - THESAGRO | |
| Cabeçalho tópico ou nome geográfico | RESTAURAÇÃO AMBIENTAL |
| 909 ## - IDENTIFICAÇÃO DO CATALOGADOR | |
| Ano e mês da catalogação (aaaamm) | 202603 |
| Identificação do catalogador | Fernando |
| 942 ## - TIPO ESPECÍFICO | |
| Tipo de material | Livros |
| 952 ## - LOCATION AND ITEM INFORMATION (KOHA) | |
| -- | 2026-03-24 |
| Status de empréstimo | Fonte de classificação | Status de danificação | Não pode ser emprestado | Código da coleção | Localização permanente | Localização atual | Localização na estante | Total Checkouts | Número de chamada | Código de barras | Tipo de material |
|---|---|---|---|---|---|---|---|---|---|---|---|
| Classificação AGRIS | Agrobase | Biblioteca Nacional de Agricultura - Binagri | Biblioteca Nacional de Agricultura - Binagri | Agrobase - Acervo Geral | P01 BR2026000403 | 2026-1289 | Livros |

BINAGRI